Normal view
MARC view
Entry Personal Name
001 - CONTROL NUMBER
- control field: 85350
003 - CONTROL NUMBER IDENTIFIER
- control field: dpl
005 - DATE AND TIME OF LATEST TRANSACTION
- control field: 20251001162230.0
008 - FIXED-LENGTH DATA ELEMENTS
- fixed length control field: 251001|| aca||aabn | a|a d
040 ## - CATALOGING SOURCE
- Original cataloging agency: dpl
- Transcribing agency: dpl
100 ## - HEADING--PERSONAL NAME
- Personal name: वार्ष्णेय, ध्रुव
670 ## - SOURCE DATA FOUND
- Source citation: Work cat.: (dpl)209619: वार्ष्णेय, ध्रुव, सम्राट चन्द्रगुप्त मौर्य /, 2024
